Análisis de circuitos eléctricos

Saved in:
Bibliografiske detaljer
Main Authors: Brenner, Egon (Author), Javid, Mansour (Author)
Format: Bog
Sprog:spansk
Udgivet: Madrid McGraw-Hill 1966
Fag:
Tags: Tilføj Tag
Ingen Tags, Vær først til at tagge denne postø!

MARC

LEADER 00000nam a2200000 a 4500
001 UCV6682
003 CL-VaPUC
008 930825e19660000SP |||||||||||||||||spa|d
082 0 4 |a 621.319  |b BRE  |2 21 
100 0 |a Brenner, Egon  |e author  |9 300736 
700 0 |a Javid, Mansour  |e author  |9 300737 
245 1 0 |a Análisis de circuitos eléctricos 
300 |a 714 p 
942 |c BK 
945 |d 19930825 00:00:00 
260 |a Madrid  |b McGraw-Hill  |c 1966 
650 0 |a Circuitos electrónicos  |9 260204 
583 |a last modification  |c 19930825 00:00:00  |k Rodrigo Vera 
999 |c 212598  |d 212596 
952 |0 0  |1 0  |2 ddc  |4 0  |6 621_319000000000000_BRE_1966  |7 0  |8 A  |9 193703  |a BIBING  |b BIBING  |c RES  |d 2019-11-14  |i 2618419  |o 621.319 BRE 1966  |p 2618419  |r 2025-01-20  |w 2019-11-14  |y BK  |k EIE 
952 |0 0  |1 0  |2 ddc  |4 0  |6 621_319000000000000_BRE_1966  |7 0  |8 A  |9 193704  |a BIBING  |b BIBING  |c RES  |d 2019-11-14  |i 2618427  |o 621.319 BRE 1966  |p 2618427  |r 2025-01-20  |w 2019-11-14  |y BK  |k EIE